00518nam a2200145 a 450000100100000000500170001000800410002704000250006810000310009324500510012425000200017526000570019530000340025253300860028600002789120200930031159.0110405s1974 dr ac 000 0 spa d aDO-SdBNPbspacBNPHU1 aInchaustegui, Joaquín S.10aOfrenda Patricia /cJoaquín S. Inchaustegui. a2a ed. facsimil aSanto Domingo :bSecretaría de Educación,c1974. a31 p. :bil., retrs ;c19 cm. aReproducción de la edición publicadabSanto DomingocImpresora Montalvod1922